[Event "Championnat de la Réunion Individuel 2026"]
[Site "Reunion"]
[Date "????.??.??"]
[Round "1.7"]
[White "GOMEZ, Antoine"]
[Black "MEZOUAGHI, Miloud"]
[Result "0-1"]
[WhiteTitle "-"]
[BlackTitle "-"]
[WhiteFideId "-"]
[BlackFideId "-"]
[WhiteElo "1783"]
[BlackElo "1994"]

1. e4 {[%emt 00:00:07]} c5 {[%clk 01:15:16]} {[%emt 00:00:41]} 2. Nf3 {[%clk
01:16:14]} {[%emt 00:00:11]} e6 {[%emt 00:03:06]} 3. d4 {[%clk 01:13:26]}
{[%emt 00:00:43]} cxd4 {[%emt 00:00:32]} 4. Nxd4 {[%clk 01:13:15]} {[%emt
00:00:17]} a6 {[%emt 00:00:44]} 5. Nc3 {[%clk 01:12:50]} {[%emt 00:00:17]} b5
{[%emt 00:07:47]} 6. Qe2 {[%emt 00:17:13]} Bb7 {[%emt 00:03:03]} 7. Bf4 {[%emt
00:06:57]} Bb4 {[%emt 00:01:19]} 8. O-O-O {[%emt 00:06:33]} Bxc3 {[%clk
00:48:42]} {[%emt 00:00:19]} 9. bxc3 {[%emt 00:00:48]} Nf6 {[%emt 00:00:15]} 10.
f3 {[%emt 00:19:57]} O-O {[%emt 00:14:34]} 11. Bg5 {[%emt 00:22:11]} Qc7 {[%emt
00:00:35]} 12. Qd2 {[%emt 00:08:35]} d6 {[%emt 00:00:16]} 13. Bxf6 {[%clk
00:42:23]} {[%emt 00:00:26]} gxf6 {[%emt 00:11:52]} 14. Bd3 {[%emt 00:02:06]}
Nd7 {[%emt 00:04:43]} 15. Qh6 {[%emt 00:01:26]} Qxc3 {[%clk 00:01:38]} {[%emt
00:00:01]} 16. e5 {[%emt 00:00:39]} f5 {[%emt 00:08:22]} 17. Nxf5 {[%emt
00:00:41]} exf5 {[%clk 00:01:26]} {[%emt 00:00:08]} 18. Bxf5 {[%emt 00:00:31]}
Qa1+ {[%emt 00:00:09]} 19. Kd2 {[%emt 00:00:30]} Qd4+ {[%emt 00:01:13]} 20. Bd3
{[%emt 00:00:29]} f5 {[%emt 00:05:23]} 21. g4 {[%emt 00:00:45]} Nxe5 {[%emt
00:00:21]} 22. gxf5 {[%clk 00:14:24]} {[%emt 00:00:02]} Nc4+ {[%emt 00:01:31]}
23. Ke1 {[%clk 00:13:15]} {[%emt 00:00:33]} Qe3+ {[%emt 00:00:41]} 24. Qxe3
{[%clk 00:13:12]} {[%emt 00:00:02]} Nxe3 {[%clk 00:02:09]} {[%emt 00:00:02]} 25.
Rg1+ {[%emt 00:00:47]} Kh8 {[%clk 00:02:22]} {[%emt 00:00:10]} 26. Rd2 {[%emt
00:00:50]} Nxf5 {[%clk 00:02:04]} {[%emt 00:00:27]} 27. Bxf5 {[%clk 00:13:04]}
{[%emt 00:00:29]} Rxf5 {[%clk 00:02:31]} {[%emt 00:00:04]} 28. Rxd6 {[%clk
00:13:17]} {[%emt 00:00:18]} Re8+ {[%emt 00:00:36]} 29. Kd2 {[%clk 00:12:54]}
{[%emt 00:00:24]} Rd5+ {[%clk 00:03:13]} {[%emt 00:00:09]} 30. Rxd5 {[%emt
00:00:14]} Bxd5 {[%emt 00:02:29]} 31. a4 {[%emt 00:00:44]} Bxf3 {[%clk
00:03:15]} {[%emt 00:00:22]} 32. axb5 {[%emt 00:00:12]} axb5 {[%emt 00:02:13]}
33. Kc3 {[%clk 00:08:56]} {[%emt 00:00:45]} Rc8+ {[%emt 00:02:36]} 34. Kb2
{[%emt 00:00:40]} Be2 {[%clk 00:02:29]} 35. c3 {[%clk 00:08:34]} {[%emt
00:00:17]} Rg8 {[%emt 00:00:22]} 36. Rc1 {[%emt 00:00:49]} Rg2 {[%clk
00:02:44]} {[%emt 00:00:17]} 37. h4 {[%clk 00:08:41]} {[%emt 00:00:09]} Bc4+
{[%clk 00:03:09]} {[%emt 00:00:06]} 38. Ka3 {[%emt 00:00:54]} Rh2 {[%emt
00:00:51]} 39. Kb4 {[%clk 00:07:56]} {[%emt 00:00:20]} Rxh4 {[%clk 00:03:41]}
{[%emt 00:00:07]} 40. Kc5 {[%clk 00:08:04]} {[%emt 00:00:22]} Kg7 {[%clk
00:03:55]} {[%emt 00:00:15]} 41. Kd6 {[%clk 00:08:13]} {[%emt 00:00:21]} Kf6
{[%clk 00:03:54]} {[%emt 00:00:32]} 42. Rc2 {[%clk 00:08:12]} {[%emt 00:00:30]}
Kf5 {[%clk 00:03:23]} {[%emt 00:01:01]} 43. Rf2+ {[%clk 00:08:05]} {[%emt
00:00:37]} Ke4 {[%clk 00:03:19]} {[%emt 00:00:34]} 44. Rd2 {[%clk 00:08:03]}
{[%emt 00:00:31]} Bd3 {[%clk 00:03:17]} {[%emt 00:00:33]} 45. Kc5 {[%clk
00:07:57]} {[%emt 00:00:36]} Ke3 {[%clk 00:03:33]} {[%emt 00:00:15]} 0-1

[Event "Championnat de la Réunion Individuel 2026"]
[Site "Reunion"]
[Date "????.??.??"]
[Round "2.1"]
[White "FOLIO, Pierre"]
[Black "RIVIERE, Etienne"]
[Result "1/2-1/2"]
[WhiteTitle "-"]
[BlackTitle "-"]
[WhiteFideId "-"]
[BlackFideId "-"]
[WhiteElo "1787"]
[BlackElo "2062"]

1. e4 {[%clk 01:15:58]} {[%emt 00:00:02]} e5 {[%clk 01:15:50]} {[%emt
00:00:10]} 2. Nf3 {[%clk 01:16:24]} {[%emt 00:00:04]} Nc6 {[%clk 01:16:08]}
{[%emt 00:00:11]} 3. d4 {[%clk 01:16:50]} {[%emt 00:00:04]} exd4 {[%clk
01:16:27]} {[%emt 00:00:11]} 4. Nxd4 {[%clk 01:17:16]} {[%emt 00:00:04]} Nf6
{[%clk 01:16:33]} {[%emt 00:00:24]} 5. Nxc6 {[%clk 01:17:39]} {[%emt 00:00:07]}
bxc6 {[%clk 01:16:55]} {[%emt 00:00:08]} 6. e5 {[%clk 01:18:03]} {[%emt
00:00:06]} Qe7 {[%clk 01:17:01]} {[%emt 00:00:23]} 7. Qe2 {[%clk 01:18:27]}
{[%emt 00:00:06]} Nd5 {[%clk 01:17:15]} {[%emt 00:00:16]} 8. g3 {[%clk
01:18:51]} {[%emt 00:00:06]} g6 {[%clk 01:16:35]} {[%emt 00:01:10]} 9. Bg2
{[%clk 01:19:02]} {[%emt 00:00:19]} Bg7 {[%clk 01:16:48]} {[%emt 00:00:17]} 10.
O-O {[%clk 01:19:25]} {[%emt 00:00:08]} O-O {[%clk 01:16:55]} {[%emt 00:00:22]}
11. Re1 {[%clk 01:19:46]} {[%emt 00:00:10]} Re8 {[%clk 01:15:19]} {[%emt
00:02:06]} 12. c4 {[%clk 01:18:30]} {[%emt 00:01:46]} Nb6 {[%clk 01:14:46]}
{[%emt 00:01:03]} 13. Bf4 {[%clk 01:07:28]} {[%emt 00:11:32]} g5 {[%clk
01:07:56]} {[%emt 00:07:17]} 14. Be3 {[%clk 00:56:34]} {[%emt 00:11:24]} Qxe5
{[%clk 01:06:44]} {[%emt 00:01:42]} 15. Nc3 {[%clk 00:53:06]} {[%emt 00:03:58]}
Ba6 {[%clk 01:05:37]} {[%emt 00:01:37]} 16. Qg4 {[%clk 00:42:15]} {[%emt
00:11:20]} Qe6 {[%clk 00:45:45]} {[%emt 00:20:23]} 17. Qxg5 {[%clk 00:33:07]}
{[%emt 00:09:38]} Nxc4 {[%clk 00:45:22]} {[%emt 00:00:52]} 18. Bd4 {[%clk
00:30:21]} {[%emt 00:03:16]} Qg6 {[%clk 00:44:00]} {[%emt 00:01:51]} 19. Qxg6
{[%clk 00:29:25]} {[%emt 00:01:28]} hxg6 {[%clk 00:44:21]} {[%emt 00:00:08]} 20.
Bxg7 {[%clk 00:29:47]} {[%emt 00:00:08]} Kxg7 {[%clk 00:44:41]} {[%emt
00:00:11]} 21. Bf1 {[%clk 00:29:28]} {[%emt 00:00:48]} Ne5 {[%clk 00:38:51]}
{[%emt 00:06:20]} 22. Bxa6 {[%clk 00:29:17]} {[%emt 00:00:41]} Nf3+ {[%clk
00:39:04]} {[%emt 00:00:18]} 23. Kf1 {[%clk 00:29:39]} {[%emt 00:00:08]} Nxe1
{[%clk 00:38:04]} {[%emt 00:01:29]} 24. Rxe1 {[%clk 00:30:05]} {[%emt
00:00:04]} Rxe1+ {[%clk 00:35:32]} {[%emt 00:03:03]} 25. Kxe1 {[%clk 00:30:31]}
{[%emt 00:00:04]} g5 {[%clk 00:35:41]} {[%emt 00:00:20]} 26. Kf1 {[%clk
00:19:24]} {[%emt 00:11:36]} Kf6 {[%clk 00:34:39]} {[%emt 00:00:56]} 1/2-1/2

[Event "Championnat de la Réunion Individuel 2026"]
[Site "Reunion"]
[Date "????.??.??"]
[Round "2.2"]
[White "RANARIVELO, Sacha"]
[Black "HAMON, Christian"]
[Result "0-1"]
[WhiteTitle "-"]
[BlackTitle "-"]
[WhiteFideId "-"]
[BlackFideId "-"]
[WhiteElo "1791"]
[BlackElo "1875"]

1. d4 {[%clk 01:15:56]} {[%emt 00:00:03]} Nf6 {[%clk 01:15:55]} {[%emt
00:00:05]} 2. Nc3 {[%clk 01:16:24]} {[%emt 00:00:02]} d5 {[%clk 01:16:12]}
{[%emt 00:00:12]} 3. Bf4 {[%clk 01:16:48]} {[%emt 00:00:07]} c5 {[%clk
01:15:51]} {[%emt 00:00:51]} 4. e3 {[%clk 01:17:00]} {[%emt 00:00:18]} cxd4
{[%clk 01:14:43]} {[%emt 00:01:36]} 5. exd4 {[%clk 01:17:18]} {[%emt 00:00:12]}
a6 {[%clk 01:14:22]} {[%emt 00:00:51]} 6. Nf3 {[%clk 01:17:30]} {[%emt
00:00:18]} Nc6 {[%clk 01:13:19]} {[%emt 00:01:33]} 7. Be2 {[%clk 01:11:46]}
{[%emt 00:06:15]} Bg4 {[%clk 01:11:43]} {[%emt 00:02:05]} 8. O-O {[%clk
01:11:34]} {[%emt 00:00:43]} e6 {[%clk 01:11:43]} {[%emt 00:00:29]} 9. Ne5
{[%clk 01:10:39]} {[%emt 00:01:25]} Bxe2 {[%clk 01:11:38]} {[%emt 00:00:35]} 10.
Nxe2 {[%clk 01:11:03]} {[%emt 00:00:08]} Be7 {[%clk 01:05:54]} {[%emt
00:06:13]} 11. c3 {[%clk 01:10:58]} {[%emt 00:00:35]} Rc8 {[%clk 01:00:24]}
{[%emt 00:05:56]} 12. Qb3 {[%clk 01:07:24]} {[%emt 00:04:05]} Na5 {[%clk
00:56:36]} {[%emt 00:04:18]} 13. Qd1 {[%clk 01:05:55]} {[%emt 00:01:59]} O-O
{[%clk 00:56:28]} {[%emt 00:00:38]} 14. Re1 {[%clk 01:01:56]} {[%emt 00:04:28]}
Nc4 {[%clk 00:53:35]} {[%emt 00:03:24]} 15. Nxc4 {[%clk 00:59:34]} {[%emt
00:02:53]} Rxc4 {[%clk 00:52:37]} {[%emt 00:01:27]} 16. Ng3 {[%clk 00:58:22]}
{[%emt 00:01:41]} b5 {[%clk 00:51:29]} {[%emt 00:01:39]} 17. Bd2 {[%clk
00:53:07]} {[%emt 00:05:45]} a5 {[%clk 00:46:15]} {[%emt 00:05:44]} 18. b3
{[%clk 00:52:52]} {[%emt 00:00:44]} Rc6 {[%clk 00:44:44]} {[%emt 00:02:02]} 19.
Qe2 {[%clk 00:53:05]} {[%emt 00:00:17]} Qb6 {[%clk 00:41:43]} {[%emt 00:03:31]}
20. Qd3 {[%clk 00:32:20]} {[%emt 00:21:15]} Qb7 {[%clk 00:28:43]} {[%emt
00:13:30]} 21. a4 {[%clk 00:26:12]} {[%emt 00:06:38]} b4 {[%clk 00:28:01]}
{[%emt 00:01:12]} 22. c4 {[%clk 00:25:30]} {[%emt 00:01:12]} dxc4 {[%clk
00:28:11]} {[%emt 00:00:20]} 23. bxc4 {[%clk 00:25:52]} {[%emt 00:00:09]} Rd8
{[%clk 00:25:54]} {[%emt 00:02:47]} 24. Qe2 {[%clk 00:16:53]} {[%emt 00:09:30]}
Rxd4 {[%clk 00:25:00]} {[%emt 00:01:24]} 25. Nf5 {[%clk 00:15:39]} {[%emt
00:01:44]} exf5 {[%clk 00:24:48]} {[%emt 00:00:43]} 0-1

[Event "Championnat de la Réunion Individuel 2026"]
[Site "Reunion"]
[Date "????.??.??"]
[Round "2.3"]
[White "FRANCOU, Yvon-Johann"]
[Black "PAYET, Nathan"]
[Result "0-1"]
[WhiteTitle "-"]
[BlackTitle "-"]
[WhiteFideId "-"]
[BlackFideId "-"]
[WhiteElo "1810"]
[BlackElo "1913"]

1. d4 {[%clk 01:15:59]} Nf6 {[%clk 01:15:45]} {[%emt 00:00:16]} 2. Nf3 {[%clk
01:16:08]} {[%emt 00:00:21]} g6 {[%clk 01:16:04]} {[%emt 00:00:11]} 3. c4
{[%clk 01:15:58]} {[%emt 00:00:39]} Bg7 {[%clk 01:16:25]} {[%emt 00:00:08]} 4.
Nc3 {[%clk 01:16:11]} {[%emt 00:00:18]} O-O {[%clk 01:16:38]} {[%emt 00:00:17]}
5. e4 {[%clk 01:15:55]} {[%emt 00:00:46]} d6 {[%clk 01:17:03]} {[%emt
00:00:06]} 6. Be2 {[%clk 01:15:01]} {[%emt 00:01:24]} e5 {[%clk 01:16:26]}
{[%emt 00:01:07]} 7. dxe5 {[%clk 01:10:55]} {[%emt 00:04:36]} dxe5 {[%clk
01:16:52]} {[%emt 00:00:04]} 8. O-O {[%clk 01:11:08]} {[%emt 00:00:17]} c6
{[%clk 01:13:14]} {[%emt 00:04:07]} 9. Rb1 {[%clk 01:08:58]} {[%emt 00:02:39]}
Qc7 {[%clk 01:09:15]} {[%emt 00:04:30]} 10. Qc2 {[%clk 01:01:16]} {[%emt
00:08:08]} Nbd7 {[%clk 01:06:40]} {[%emt 00:03:06]} 11. b4 {[%clk 00:56:30]}
{[%emt 00:05:16]} Re8 {[%clk 01:02:35]} {[%emt 00:04:35]} 12. Rd1 {[%clk
00:53:22]} {[%emt 00:03:36]} b6 {[%clk 00:59:21]} {[%emt 00:03:46]} 13. Bb2
{[%clk 00:45:37]} {[%emt 00:08:15]} Bb7 {[%clk 00:53:46]} {[%emt 00:06:05]} 14.
Bd3 {[%clk 00:41:35]} {[%emt 00:04:30]} Rad8 {[%clk 00:49:09]} {[%emt
00:05:09]} 15. Qe2 {[%clk 00:30:46]} {[%emt 00:11:19]} Nf8 {[%clk 00:44:38]}
{[%emt 00:05:01]} 16. b5 {[%clk 00:26:50]} {[%emt 00:04:25]} Nh5 {[%clk
00:40:09]} {[%emt 00:04:59]} 17. Qf1 {[%clk 00:25:31]} {[%emt 00:01:49]} Ne6
{[%clk 00:38:00]} {[%emt 00:02:38]} 18. bxc6 {[%clk 00:24:12]} {[%emt
00:01:50]} Bxc6 {[%clk 00:37:35]} {[%emt 00:00:56]} 19. Nd5 {[%clk 00:24:01]}
{[%emt 00:00:41]} Qb8 {[%clk 00:29:58]} {[%emt 00:08:07]} 20. Bc2 {[%clk
00:22:51]} {[%emt 00:01:39]} Bxd5 {[%clk 00:25:54]} {[%emt 00:04:35]} 21. cxd5
{[%clk 00:22:42]} {[%emt 00:00:38]} Nc5 {[%clk 00:25:14]} {[%emt 00:01:09]} 22.
Nd2 {[%clk 00:20:56]} {[%emt 00:02:16]} Nf6 {[%clk 00:23:04]} {[%emt 00:02:41]}
23. Qe2 {[%clk 00:18:19]} {[%emt 00:03:07]} Re7 {[%clk 00:18:36]} {[%emt
00:04:59]} 24. Ba3 {[%clk 00:16:19]} {[%emt 00:02:29]} Qc8 {[%clk 00:18:20]}
{[%emt 00:00:47]} 25. Nc4 {[%clk 00:13:59]} {[%emt 00:02:49]} Ne8 {[%clk
00:16:41]} {[%emt 00:02:10]} 26. Ne3 {[%clk 00:09:56]} {[%emt 00:04:33]} Nd6
{[%clk 00:14:32]} {[%emt 00:02:39]} 27. f3 {[%clk 00:10:04]} {[%emt 00:00:22]}
Rc7 {[%clk 00:14:13]} {[%emt 00:00:50]} 28. Bb4 {[%clk 00:06:57]} {[%emt
00:03:36]} h5 {[%clk 00:11:28]} {[%emt 00:03:15]} 29. Be1 {[%clk 00:05:05]}
{[%emt 00:02:22]} Qd7 {[%clk 00:10:40]} {[%emt 00:01:18]} 30. Rb2 {[%clk
00:04:41]} {[%emt 00:00:54]} Rdc8 {[%clk 00:09:41]} {[%emt 00:01:29]} 31. Bd3
{[%clk 00:04:15]} {[%emt 00:00:57]} Bh6 {[%clk 00:08:43]} {[%emt 00:01:28]} 32.
Nc2 {[%clk 00:03:08]} {[%emt 00:01:35]} Nxd3 {[%clk 00:06:17]} {[%emt
00:02:57]} 33. Qxd3 {[%clk 00:03:30]} {[%emt 00:00:08]} Nc4 {[%clk 00:05:53]}
{[%emt 00:00:54]} 34. Rb3 {[%clk 00:03:16]} {[%emt 00:00:45]} a5 {[%clk
00:05:04]} {[%emt 00:01:19]} 35. Bf2 {[%clk 00:02:24]} {[%emt 00:01:22]} Kh7
{[%clk 00:04:13]} {[%emt 00:01:21]} 36. Ne1 {[%clk 00:00:46]} {[%emt 00:02:07]}
b5 {[%clk 00:04:09]} {[%emt 00:00:34]} 37. Rbb1 {[%clk 00:00:35]} {[%emt
00:00:41]} b4 {[%clk 00:04:05]} {[%emt 00:00:35]} 38. Nc2 {[%clk 00:00:35]}
{[%emt 00:00:30]} Nd6 {[%clk 00:04:13]} {[%emt 00:00:21]} 39. Ne3 {[%clk
00:00:59]} {[%emt 00:00:06]} Rc3 {[%clk 00:04:24]} {[%emt 00:00:19]} 40. Qe2
{[%clk 00:01:22]} {[%emt 00:00:07]} Nc4 {[%clk 00:04:07]} {[%emt 00:00:47]} 41.
Rd3 {[%clk 00:01:30]} {[%emt 00:00:22]} Nxe3 {[%clk 00:03:30]} 42. Bxe3 {[%clk
00:01:52]} {[%emt 00:01:15]} Rxd3 {[%clk 00:03:44]} {[%emt 00:00:17]} 43. Bxh6
{[%clk 00:02:01]} Rdc3 {[%clk 00:03:58]} {[%emt 00:00:36]} 44. Bg5 {[%clk
00:01:24]} {[%emt 00:01:08]} Rc2 {[%clk 00:03:54]} {[%emt 00:00:34]} 45. Qa6
{[%clk 00:01:09]} {[%emt 00:00:44]} Qc7 {[%clk 00:02:59]} {[%emt 00:01:25]} 46.
h4 {[%clk 00:01:03]} {[%emt 00:00:36]} Rxa2 {[%clk 00:02:44]} {[%emt 00:00:45]}
47. Kh1 {[%clk 00:00:58]} {[%emt 00:00:35]} Qd7 {[%clk 00:01:58]} {[%emt
00:01:16]} 48. Qf6 {[%clk 00:00:43]} {[%emt 00:00:44]} Rcc2 {[%clk 00:02:12]}
{[%emt 00:00:16]} 49. Rg1 {[%clk 00:01:07]} {[%emt 00:00:06]} Qh3+ {[%clk
00:02:21]} {[%emt 00:00:21]} 0-1

[Event "Championnat de la Réunion Individuel 2026"]
[Site "Reunion"]
[Date "????.??.??"]
[Round "2.4"]
[White "FRELICOT, Eric"]
[Black "HOARAU, Antoine"]
[Result "0-1"]
[WhiteTitle "-"]
[BlackTitle "-"]
[WhiteFideId "-"]
[BlackFideId "-"]
[WhiteElo "1724"]
[BlackElo "1820"]

1. d4 {[%clk 01:15:57]} {[%emt 00:00:02]} Nf6 {[%clk 01:15:56]} {[%emt
00:00:04]} 2. Bf4 {[%clk 01:16:24]} {[%emt 00:00:03]} d5 {[%clk 01:16:22]}
{[%emt 00:00:05]} 3. e3 {[%clk 01:16:49]} {[%emt 00:00:05]} e6 {[%clk
01:16:48]} {[%emt 00:00:04]} 4. Nd2 {[%clk 01:17:09]} {[%emt 00:00:10]} Bd6
{[%clk 01:16:54]} {[%emt 00:00:24]} 5. Bxd6 {[%clk 01:16:30]} {[%emt 00:01:09]}
Qxd6 {[%clk 01:17:18]} {[%emt 00:00:06]} 6. Ngf3 {[%clk 01:16:49]} {[%emt
00:00:11]} O-O {[%clk 01:17:43]} {[%emt 00:00:05]} 7. Bd3 {[%clk 01:17:05]}
{[%emt 00:00:14]} c5 {[%clk 01:18:04]} {[%emt 00:00:08]} 8. c3 {[%clk
01:17:31]} {[%emt 00:00:04]} Nc6 {[%clk 01:18:29]} {[%emt 00:00:06]} 9. O-O
{[%clk 01:10:09]} {[%emt 00:07:52]} e5 {[%clk 01:18:49]} {[%emt 00:00:10]} 10.
dxe5 {[%clk 01:10:02]} {[%emt 00:00:36]} Nxe5 {[%clk 01:19:11]} {[%emt
00:00:08]} 11. Nxe5 {[%clk 01:09:17]} {[%emt 00:01:15]} Qxe5 {[%clk 01:19:36]}
{[%emt 00:00:05]} 12. Nf3 {[%clk 01:08:51]} {[%emt 00:00:57]} Qc7 {[%clk
01:18:03]} {[%emt 00:02:02]} 13. Re1 {[%clk 00:59:09]} {[%emt 00:10:11]} Re8
{[%clk 01:15:09]} {[%emt 00:03:22]} 14. Qc2 {[%clk 00:45:30]} {[%emt 00:14:08]}
Bg4 {[%clk 01:10:04]} {[%emt 00:05:36]} 15. Bf5 {[%clk 00:26:01]} {[%emt
00:19:58]} Bxf3 {[%clk 01:04:38]} {[%emt 00:05:56]} 16. gxf3 {[%clk 00:26:14]}
{[%emt 00:00:17]} g6 {[%clk 01:02:42]} {[%emt 00:02:27]} 17. Bh3 {[%clk
00:25:22]} {[%emt 00:01:22]} Re5 {[%clk 01:02:05]} {[%emt 00:01:07]} 18. Bg4
{[%clk 00:21:24]} {[%emt 00:04:27]} Rg5 {[%clk 00:48:02]} {[%emt 00:14:33]} 19.
Kh1 {[%clk 00:10:59]} {[%emt 00:10:55]} Nxg4 {[%clk 00:47:55]} {[%emt
00:00:37]} 20. fxg4 {[%clk 00:11:08]} {[%emt 00:00:21]} Rxg4 {[%clk 00:48:04]}
{[%emt 00:00:21]} 21. Rg1 {[%clk 00:07:58]} {[%emt 00:03:40]} Rh4 {[%clk
00:47:18]} {[%emt 00:01:17]} 22. f4 {[%clk 00:07:25]} {[%emt 00:01:02]} Re8
{[%clk 00:46:16]} {[%emt 00:01:32]} 23. Qf2 {[%clk 00:07:26]} {[%emt 00:00:29]}
Qe7 {[%clk 00:44:32]} {[%emt 00:02:15]} 24. Rae1 {[%clk 00:07:29]} {[%emt
00:00:27]} Qe4+ {[%clk 00:43:47]} {[%emt 00:01:15]} 25. Rg2 {[%clk 00:05:10]}
{[%emt 00:02:48]} Rxf4 {[%clk 00:44:04]} {[%emt 00:00:13]} 26. exf4 {[%clk
00:04:45]} {[%emt 00:00:55]} Qxe1+ {[%clk 00:44:27]} {[%emt 00:00:07]} 27. Qxe1
{[%clk 00:05:08]} {[%emt 00:00:07]} Rxe1+ {[%clk 00:42:57]} {[%emt 00:02:00]}
28. Rg1 {[%clk 00:05:33]} {[%emt 00:00:05]} Rxg1+ {[%clk 00:43:15]} {[%emt
00:00:13]} 29. Kxg1 {[%clk 00:05:56]} {[%emt 00:00:07]} Kg7 {[%clk 00:43:17]}
{[%emt 00:00:28]} 30. Kf2 {[%clk 00:06:19]} {[%emt 00:00:08]} Kf6 {[%clk
00:43:34]} {[%emt 00:00:12]} 31. Ke3 {[%clk 00:06:02]} {[%emt 00:00:47]} Kf5
{[%clk 00:43:54]} {[%emt 00:00:11]} 32. a3 {[%clk 00:01:42]} {[%emt 00:04:50]}
h6 {[%clk 00:43:53]} {[%emt 00:00:31]} 33. b4 {[%clk 00:02:05]} {[%emt
00:00:06]} b6 {[%clk 00:44:07]} {[%emt 00:00:16]} 34. a4 {[%clk 00:01:41]}
{[%emt 00:00:55]} a5 {[%clk 00:44:11]} {[%emt 00:00:26]} 35. bxa5 {[%clk
00:00:34]} {[%emt 00:01:36]} bxa5 {[%clk 00:44:33]} {[%emt 00:00:08]} 0-1

[Event "Championnat de la Réunion Individuel 2026"]
[Site "Reunion"]
[Date "????.??.??"]
[Round "2.5"]
[White "LAMBERT HOAREAU, Guillaume"]
[Black "CAVILLOT-DELESTAGE, Raphael"]
[Result "1/2-1/2"]
[WhiteTitle "-"]
[BlackTitle "-"]
[WhiteFideId "-"]
[BlackFideId "-"]
[WhiteElo "1901"]
[BlackElo "1791"]

1. e4 {[%clk 01:15:56]} {[%emt 00:00:02]} d6 {[%clk 01:15:56]} {[%emt
00:00:05]} 2. d4 {[%clk 01:16:19]} {[%emt 00:00:07]} Nf6 {[%clk 01:16:21]}
{[%emt 00:00:04]} 3. Nc3 {[%clk 01:16:37]} {[%emt 00:00:13]} Nbd7 {[%clk
01:16:46]} {[%emt 00:00:05]} 4. Be3 {[%clk 01:16:57]} {[%emt 00:00:10]} e5
{[%clk 01:17:09]} {[%emt 00:00:07]} 5. Bc4 {[%clk 01:17:19]} {[%emt 00:00:09]}
Be7 {[%clk 01:17:26]} {[%emt 00:00:13]} 6. a4 {[%clk 01:16:49]} {[%emt
00:01:00]} a5 {[%clk 01:16:09]} {[%emt 00:01:46]} 7. h3 {[%clk 01:16:21]}
{[%emt 00:00:59]} c6 {[%clk 01:12:52]} {[%emt 00:03:47]} 8. Nf3 {[%clk
01:15:34]} {[%emt 00:01:16]} Qc7 {[%clk 01:12:00]} {[%emt 00:01:22]} 9. O-O
{[%clk 01:14:01]} {[%emt 00:02:03]} O-O {[%clk 01:12:17]} {[%emt 00:00:14]} 10.
Ba2 {[%clk 01:12:51]} {[%emt 00:01:40]} exd4 {[%clk 01:08:15]} {[%emt
00:04:32]} 11. Bxd4 {[%clk 01:12:48]} {[%emt 00:00:33]} Ne5 {[%clk 01:08:13]}
{[%emt 00:00:32]} 12. Nxe5 {[%clk 01:12:11]} {[%emt 00:01:06]} dxe5 {[%clk
01:08:35]} {[%emt 00:00:08]} 13. Be3 {[%clk 01:11:43]} {[%emt 00:00:58]} Bb4
{[%clk 01:04:25]} {[%emt 00:04:37]} 14. Qf3 {[%clk 01:11:12]} {[%emt 00:01:01]}
Be6 {[%clk 01:02:54]} {[%emt 00:02:00]} 15. Ne2 {[%clk 01:08:28]} {[%emt
00:03:14]} Qe7 {[%clk 00:56:31]} {[%emt 00:06:52]} 16. Ng3 {[%clk 01:05:04]}
{[%emt 00:03:55]} Rad8 {[%clk 00:51:28]} {[%emt 00:05:32]} 17. Nf5 {[%clk
00:59:42]} {[%emt 00:05:53]} Bxf5 {[%clk 00:51:17]} {[%emt 00:00:40]} 18. Qxf5
{[%clk 00:59:13]} {[%emt 00:01:00]} h6 {[%clk 00:50:31]} {[%emt 00:01:16]} 19.
Rad1 {[%clk 00:53:50]} {[%emt 00:05:52]} Bc5 {[%clk 00:46:50]} {[%emt
00:04:11]} 20. Rde1 {[%clk 00:45:55]} {[%emt 00:08:26]} Kh8 {[%clk 00:41:31]}
{[%emt 00:05:49]} 21. Bb3 {[%clk 00:44:25]} {[%emt 00:02:00]} b6 {[%clk
00:37:02]} {[%emt 00:04:59]} 22. Qf3 {[%clk 00:32:17]} {[%emt 00:12:39]} Nh7
{[%clk 00:29:16]} {[%emt 00:08:15]} 23. Rd1 {[%clk 00:30:51]} {[%emt 00:01:56]}
Rxd1 {[%clk 00:26:01]} {[%emt 00:03:45]} 24. Rxd1 {[%clk 00:31:15]} {[%emt
00:00:06]} Ng5 {[%clk 00:26:05]} {[%emt 00:00:26]} 25. Bxg5 {[%clk 00:24:16]}
{[%emt 00:07:29]} Qxg5 {[%clk 00:26:26]} {[%emt 00:00:09]} 26. Qf5 {[%clk
00:23:00]} {[%emt 00:01:46]} Rd8 {[%clk 00:20:01]} {[%emt 00:06:55]} 27. Rxd8+
{[%clk 00:22:37]} {[%emt 00:00:52]} Qxd8 {[%clk 00:20:24]} {[%emt 00:00:07]} 28.
Qxf7 {[%clk 00:22:38]} {[%emt 00:00:30]} Qf8 {[%clk 00:20:22]} {[%emt
00:00:31]} 29. g3 {[%clk 00:21:16]} {[%emt 00:01:53]} g5 {[%clk 00:19:06]}
{[%emt 00:01:46]} 30. Kg2 {[%clk 00:21:03]} {[%emt 00:00:42]} Qxf7 {[%clk
00:18:38]} {[%emt 00:00:59]} 31. Bxf7 {[%clk 00:21:27]} {[%emt 00:00:07]} Be7
{[%clk 00:18:17]} {[%emt 00:00:50]} 32. Be8 {[%clk 00:20:52]} {[%emt 00:01:05]}
c5 {[%clk 00:18:41]} {[%emt 00:00:05]} 33. Kf3 {[%clk 00:20:19]} {[%emt
00:01:03]} Kg7 {[%clk 00:18:57]} {[%emt 00:00:14]} 34. Ke3 {[%clk 00:20:09]}
{[%emt 00:00:41]} Kf6 {[%clk 00:18:09]} {[%emt 00:01:18]} 35. Bd7 {[%clk
00:20:14]} {[%emt 00:00:25]} Bd8 {[%clk 00:18:03]} {[%emt 00:00:35]} 36. c3
{[%clk 00:19:21]} {[%emt 00:01:24]} Ke7 {[%clk 00:17:16]} {[%emt 00:01:17]} 37.
Bf5 {[%clk 00:19:12]} {[%emt 00:00:39]} Kd6 {[%clk 00:16:11]} {[%emt 00:01:35]}
38. Kd3 {[%clk 00:19:36]} {[%emt 00:00:06]} Be7 {[%clk 00:14:46]} {[%emt
00:01:55]} 39. Kc4 {[%clk 00:19:51]} {[%emt 00:00:15]} Kc6 {[%clk 00:14:45]}
{[%emt 00:00:31]} 40. Bg6 {[%clk 00:20:10]} {[%emt 00:00:11]} Kd6 {[%clk
00:14:48]} {[%emt 00:00:27]} 41. Be8 {[%clk 00:18:00]} {[%emt 00:02:40]} Bf8
{[%clk 00:14:28]} {[%emt 00:00:50]} 1/2-1/2